| 000 | 00974nam a22002777a 4500 | ||
|---|---|---|---|
| 001 | 7264 | ||
| 003 | FISKH | ||
| 005 | 20250707081616.0 | ||
| 008 | 250707b cb ||||| |||| 00| 0 eng d | ||
| 020 | _a9780316207447 | ||
| 040 |
_aFISKH _beng _cFISKH _dFISKH |
||
| 050 | _aPE1119 .H63 | ||
| 082 | _a428.6 | ||
| 100 | _aHoberman, Mary Ann | ||
| 245 |
_aVery short fairy tales to read together : _bYou read to me, I'll read to you / _cBy Mary Ann Hoberman ; Illustrated by Michael Emberley |
||
| 250 | _aFirst Paperback edition : September 2012 | ||
| 260 |
_aNew York : _bMegan Tingley Books, _c2004 |
||
| 300 |
_a32 pages : _bcolor illustrations ; _c28 cm |
||
| 505 | _aNP | ||
| 520 | _aEight favorite fairy tales in very short tellings, told in two voices to allow reading together. | ||
| 521 | 8 | _aNP | |
| 650 |
_aPicture Book _vFairy Tales Fluency _xPartner Reading |
||
| 700 |
_aEmberley, Michael _eillustrator |
||
| 942 |
_2ddc _cBK _n0 |
||
| 999 |
_c7264 _d7264 |
||